La leucemia (Record no. 100381)

MARC details
000 -LEADER
campo de control de longitud fija 00953nam a2200229 i 4500
001 - NÚMERO DE CONTROL
campo de control 100381
003 - IDENTIFICADOR DE NÚMERO DE CONTROL
campo de control ES-MaACL
005 - FECHA Y HORA DE LA ÚLTIMA TRANSACCIÓN
campo de control 20250403161513.0
007 - CAMPO FIJO DE DESCRIPCIÓN FÍSICA--INFORMACIÓN GENERAL
campo de control de longitud fija t|
008 - DATOS DE LONGITUD FIJA--INFORMACIÓN GENERAL
campo de control de longitud fija 050926s1952 sp ||||1| spa d
100 1# - ENTRADA PRINCIPAL--NOMBRE DE PERSONA
Nombre de persona Mas y Magro, Francisco.
9 (RLIN) 78653
245 13 - MENCIÓN DEL TÍTULO
Título La leucemia
Resto del título : etiología, hematología clínica, diagnóstico y terapéutica /
Mención de responsabilidad, etc. Francisco Más y Magro.
250 ## - MENCION DE EDICION
Mención de edición 1ª ed.
260 ## - PUBLICACIÓN, DISTRIBUCIÓN, ETC.
Lugar de publicación, distribución, etc. Madrid :
Nombre del editor, distribuidor, etc. Morata,
Fecha de publicación, distribución, etc. 1952.
300 ## - DESCRIPCIÓN FÍSICA
Extensión VIII, 143 p., 12 lám. ;
Dimensiones 22 cm.
650 #7 - PUNTO DE ACCESO ADICIONAL DE MATERIA--TÉRMINO DE MATERIA
9 (RLIN) 144484
Término de materia o nombre geográfico como elemento de entrada Leucemia
852 ## - LOCALIZACIÓN
Ubicación ES-MaACL
Número de control de estantería D-6488
Sublocalización o colección R.32541
-- R.M.6081
itemnumber 104135
Ubicación en estantería Sala Valle Inclán
Marcas de propiedad Sello en tinta azul de la Biblioteca del Ateneo de Madrid
Anotaciones manuscritas Anotación manuscrita en cubierta: "21"
Donativo/Legado Sello en tinta: "DONATIVO"
Nota libre En cubierta: "2.OCT.1952"
942 ## - ELEMENTOS DE ENTRADA SECUNDARIOS (KOHA)
Fuente del sistema de clasificación o colocación Clasificación decimal universal
Tipo de ítem Koha Libro impreso
Holdings
Estatus retirado Estado de pérdida Fuente del sistema de clasificación o colocación Estado de daño No para préstamo Biblioteca de origen Biblioteca actual Ubicación en estantería Fecha de adquisición Fuente de adquisición Total de préstamos Signatura topográfica completa Código de barras Visto por última vez Precio de reemplazo Tipo de ítem Koha
    Clasificación decimal universal     Biblioteca del Ateneo de Madrid Biblioteca del Ateneo de Madrid Sala Valle Inclán 17/01/2008 Donación   D-6488 901104811 23/02/2023 23/02/2023 Libro impreso